[Event "Blackmar - Diemer Gambit 2200+"]
[Site "SchemingMind.com"]
[Date "2010.06.16"]
[Round "-"]
[White "Uzi Mike"]
[Black "chesshub"]
[Result "0-1"]
[WhiteCountry "USA"]
[BlackCountry "FRA"]
[WhiteElo "2289"]
[WhiteRD "75"]
[BlackElo "2466"]
[BlackRD "69"]
[GameID "251845"]

1. d4 d5 2. e4 dxe4 3. Nc3 Nf6 4. Nge2 Bf5 5. Ng3 e6 6. Bg5 Be7 7. f3 exf3 8. Qxf3 Bxc2 9. Qxb7 Nbd7 10. Bb5 O-O
11. Rc1 Bg6 12. O-O a6 13. Bxa6 c5 14. Na4 Qa5 15. Nxc5 Bxc5 16. dxc5 Rxa6 17. Bxf6 Nxf6 18. Rfd1 Nd5 19. h4 h5 20. Qb3 Qc7
21. Nf1 Rb8 22. Qc4 Ra5 23. Rd2 Rb4 24. Qe2 Re4 25. Qd1 Rxc5 26. Rdc2 Rxc2 27. Rxc2 Qb6+ 28. Rf2 Nf4
0-1

[Event "Blackmar - Diemer Gambit 2200+"]
[Site "SchemingMind.com"]
[Date "2010.06.29"]
[Round "-"]
[White "calipo"]
[Black "chesshub"]
[Result "1/2-1/2"]
[WhiteCountry "ARG"]
[BlackCountry "FRA"]
[WhiteElo "2515"]
[WhiteRD "99"]
[BlackElo "2468"]
[BlackRD "71"]
[GameID "252982"]

1. d4 d5 2. e4 dxe4 3. Nc3 Nf6 4. f3 exf3 5. Nxf3 Bg4 6. h3 Bh5 7. g4 Bg6 8. Ne5 e6 9. Bg2 c6 10. O-O Be7
11. g5 Nh5 12. Ne4 Na6 13. Rxf7 Bxf7 14. Nxf7 Kxf7 15. Qxh5+ g6 16. Qf3+ Kg7 17. c3 Rf8 18. Bf4 Rf5 19. Rf1 Nc7 20. h4 Nd5
21. Be5+ Kg8 22. Qg3 Qf8 23. Re1 Nf4 24. Bxf4 Rxf4 25. Nf6+ Rxf6 26. gxf6 Qxf6 27. h5 Rf8 28. Re2 Kg7 29. hxg6 hxg6 30. Bh3 Bd8
31. Rxe6 Qf7 32. a3 Bc7 33. Qe3 Bf4 34. Qe4 Bg5 35. Qe5+ Kh6 36. Qg3 a6 37. a4=
1/2-1/2

[Event "Blackmar - Diemer Gambit 2200+"]
[Site "SchemingMind.com"]
[Date "2010.06.30"]
[Round "-"]
[White "calipo"]
[Black "Peacemaker"]
[Result "1/2-1/2"]
[WhiteCountry "ARG"]
[BlackCountry "GER"]
[WhiteElo "2515"]
[WhiteRD "99"]
[BlackElo "2448"]
[BlackRD "64"]
[GameID "252984"]

1. d4 d5 2. e4 dxe4 3. Nc3 c6 4. f3 Nf6 5. fxe4 e5 6. dxe5 Qxd1+ 7. Nxd1 Nxe4 8. Bc4 Bf5 9. Nf3 Bg6 10. Nf2 Nd7
11. Nxe4 Bxe4 12. Ng5 Nxe5 13. Bxf7+ Nxf7 14. Nxe4 Nd6 15. Nxd6+ Bxd6 16. Bg5 O-O 17. O-O-O Be5 18. g3 Rae8 19. Rhe1 h6 20. Be3 Bf6
21. Bxa7 Rxe1=
1/2-1/2

[Event "Blackmar - Diemer Gambit 2200+"]
[Site "SchemingMind.com"]
[Date "2010.06.30"]
[Round "-"]
[White "calipo"]
[Black "thebirdolux"]
[Result "1-0"]
[WhiteCountry "ARG"]
[BlackCountry "USA"]
[WhiteElo "2528"]
[WhiteRD "91"]
[BlackElo "2446"]
[BlackRD "81"]
[GameID "252985"]

1. d4 d5 2. e4 dxe4 3. Nc3 e5 4. dxe5 Qxd1+ 5. Kxd1 Bf5 6. Nd5 Na6 7. Bb5+ c6 8. Ne3 Nh6 9. Bxa6 bxa6 10. Ne2 O-O-O+
11. Ke1 Re8 12. Nd4 Rxe5 13. Nxc6 Rc5 14. Nd4 Bd7 15. b3 Rh5 16. Ne2 Nf5 17. Nxf5 Rxf5 18. Be3 Kb7 19. Rd1 Be8 20. h4 Ra5
21. a4 Bc6 22. Ng3 Bb4+ 23. Bd2 Bxd2+ 24. Kxd2 Rc5 25. c4 Kb6 26. Ke3 a5 27. Rd4 Re5 28. Rhd1 Rhe8 29. Rd8 Kc5 30. R1d6 g6
31. Ne2 Rxd8 32. Rxd8 Re7 33. Rc8 f5 34. g3 Kb6 35. Nd4
1-0

[Event "Blackmar - Diemer Gambit 2200+"]
[Site "SchemingMind.com"]
[Date "2010.06.26"]
[Round "-"]
[White "calipo"]
[Black "Manuel Angel"]
[Result "1-0"]
[WhiteCountry "ARG"]
[BlackCountry "ESP"]
[WhiteElo "2532"]
[WhiteRD "92"]
[BlackElo "2208"]
[BlackRD "83"]
[GameID "252986"]

1. d4 d5 2. e4 dxe4 3. Nc3 Nf6 4. f3 exf3 5. Nxf3 c6 6. Be3 Bg4 7. h3 Be6 8. Bd3 h6 9. Qe2 Nbd7 10. O-O-O Qa5
11. Kb1 O-O-O 12. Nd2 g5 13. Bg1 Rg8 14. Bh2 g4 15. Qf2 gxh3 16. gxh3 Qh5 17. Nc4 Nd5 18. Nxd5 Bxd5 19. Qf4 e5 20. dxe5 Be6
21. Nd6+ Bxd6 22. exd6 Kb8 23. Rdf1 Qxh3 24. Bg1 Qg3 25. Qxg3 Rxg3 26. Rxh6 Ne5 27. Bh2 Rxd3 28. cxd3 Ng4 29. d7+ Nxh2 30. Rxh2 Rxd7
31. Kc2 Rd5 32. b3 Kc7 33. Rh8 Ra5 34. Kb2 Rg5 35. Rf2 Rg3 36. Kc3 c5 37. a3 b5 38. Rd2 Rg1 39. Kb2 Rg3 40. b4 c4
41. Rh5 a6 42. dxc4 bxc4 43. Rc5+ Kb7 44. a4 Rb3+ 45. Kc2 Rxb4 46. a5 Ra4 47. Rd6 Ka7 48. Rd8 Kb7 49. Re8 Ra2+ 50. Kc1 Ra1+
51. Kb2 Rh1 52. Re7+ Kb8 53. Rg5
1-0

[Event "Blackmar - Diemer Gambit 2200+"]
[Site "SchemingMind.com"]
[Date "2010.06.25"]
[Round "-"]
[White "calipo"]
[Black "kiraly"]
[Result "1/2-1/2"]
[WhiteCountry "ARG"]
[BlackCountry "INT"]
[WhiteElo "2532"]
[WhiteRD "92"]
[BlackElo "2350"]
[BlackRD "77"]
[GameID "252987"]

1. d4 d5 2. e4 dxe4 3. Nc3 Nf6 4. f3 Bf5 5. g4 Bg6 6. g5 Nd5 7. Nxe4 e6 8. Ne2 Nc6 9. c3 Be7 10. N2g3 Qd7
11. Qe2 O-O-O 12. Bd2 Kb8 13. O-O-O a6 14. h4 h6 15. h5 Bh7 16. f4 Na5 17. Re1 f5 18. gxf6 gxf6 19. Qf2 Rhe8 20. b3 Ba3+
21. Kb1 f5 22. Nc5 Bxc5 23. dxc5 e5 24. Kb2 Nc6 25. Rd1 Nxc3 26. Kxc3 exf4 27. Ne2 Re3+ 28. Kb2 Rd3 29. Nxf4 Rxd2+ 30. Rxd2 Qxd2+
31. Qxd2 Rxd2+ 32. Ka3 Rf2 33. Nh3 Rc2 34. Nf4 Rxc5 35. Bg2 Nd4 36. Rd1 Nc2+ 37. Kb2 Ne3 38. Rd2 Ka7 39. Bf3 Bg8 40. a4 Ng4
41. Nd3 Ra5 42. Rc2 Kb6 43. Rg2 Bf7 44. Re2 Nf6 45. Re7 Bd5 46. Be2 f4 47. Nxf4 Bc6 48. Rf7 Rf5 49. Nd3 Be4 50. Ne5 Ka7
51. Bd1 Bd5 52. Re7 Kb6 53. Nd7+ Nxd7 54. Rxd7 Bf7 55. Bg4 Rf2+ 56. Ka3 Kc6 57. Rd4 b6 58. Kb4 a5+ 59. Kc3 Bd5 60. b4 axb4+
61. Rxb4 Kd6 62. Kd3 Rf8 63. Be2 Rf5 64. Kc3 Re5 65. Kd3 Bf7 66. Rh4 Kc6 67. Bf3+ Kc5 68. Be2 c6 69. Kd2 Rf5=
1/2-1/2

[Event "Blackmar - Diemer Gambit 2200+"]
[Site "SchemingMind.com"]
[Date "2010.06.30"]
[Round "-"]
[White "calipo"]
[Black "Uzi Mike"]
[Result "1-0"]
[WhiteCountry "ARG"]
[BlackCountry "USA"]
[WhiteElo "2532"]
[WhiteRD "92"]
[BlackElo "2258"]
[BlackRD "72"]
[GameID "252988"]

1. d4 d5 2. e4 dxe4 3. Nc3 Nf6 4. f3 Nc6 5. d5 Ne5 6. fxe4 e6 7. Nf3 Bd6 8. Bf4 Nd3+ 9. Bxd3 Bxf4 10. Bb5+ Kf8
11. Qd4 Ng4 12. e5 Ne3 13. Kf2 Bh6 14. Qc5+ Kg8 15. Rad1 Qf8 16. Qxc7 exd5 17. Nxd5 Nxd5 18. Rxd5 Be6 19. Rd6 Rc8 20. Qxb7 Rxc2+
21. Be2 g6 22. Rhd1 Bc4 23. Rd8 Rxe2+ 24. Kg3 Kg7 25. Rxf8 Rxf8 26. Qxa7 Be3 27. Nd4 Bd5 28. Nxe2 Bxa7 29. Rxd5 Rb8 30. b3 Re8
31. Nf4 Bb8 32. Nd3 f6 33. Kf3 Bxe5 34. Nxe5 fxe5 35. a4 Rf8+ 36. Ke3 Kf6 37. a5 Ke6 38. Rd1 Rb8 39. Rb1 Rb4 40. a6 Rb6
41. Ra1 Rxb3+ 42. Ke4 Rb4+ 43. Kd3 Rd4+ 44. Ke3 Rd8 45. a7 Ra8 46. Ke4 Kd6 47. g4 h5 48. g5 Ke7 49. Kxe5 Kd7 50. Kf6 h4
51. Kxg6 Kc6 52. Kf7
1-0

[Event "Blackmar - Diemer Gambit 2200+"]
[Site "SchemingMind.com"]
[Date "2010.06.28"]
[Round "-"]
[White "chesshub"]
[Black "calipo"]
[Result "1/2-1/2"]
[WhiteCountry "FRA"]
[BlackCountry "ARG"]
[WhiteElo "2466"]
[WhiteRD "71"]
[BlackElo "2528"]
[BlackRD "91"]
[GameID "252989"]

1. d4 d5 2. e4 dxe4 3. Nc3 Nf6 4. f3 exf3 5. Nxf3 Bg4 6. h3 Bxf3 7. Qxf3 c6 8. Be3 Nbd7 9. Bd3 e6 10. O-O Be7
11. Ne4 O-O 12. c4 Nxe4 13. Bxe4 f5 14. Bc2 Nf6 15. Rad1 Bd6 16. g4 g6 17. Qg2 Kh8 18. Bd2 Qe7 19. a3 Rae8 20. Rde1 Qc7
21. Bc3 Bg3 22. Re3 Bh4 23. Kh1 f4 24. Re5 Nd7 25. Re4 Kg8 26. Rf3 c5 27. dxc5 e5 28. Qd2 Rf7 29. Qd5 Qxc5 30. Ba4 Qxd5
31. cxd5 Rd8 32. b4 Be7 33. d6 Bxd6 34. Rd3 Nf6 35. Rxe5 f3 36. Bb3 f2 37. Kg2 f1=Q+ 38. Kxf1 Nd5+ 39. Rf5 gxf5 40. Rxd5 fxg4+
41. Rf5 Rd7 42. hxg4 Kf8 43. Bxf7 Rxf7 44. a4 Rxf5+=
1/2-1/2

[Event "Blackmar - Diemer Gambit 2200+"]
[Site "SchemingMind.com"]
[Date "2010.06.28"]
[Round "-"]
[White "thebirdolux"]
[Black "calipo"]
[Result "0-1"]
[WhiteCountry "USA"]
[BlackCountry "ARG"]
[WhiteElo "2452"]
[WhiteRD "89"]
[BlackElo "2536"]
[BlackRD "104"]
[GameID "252992"]

1. d4 d5 2. e4 dxe4 3. Nc3 Nf6 4. f3 exf3 5. Nxf3 Bg4 6. h3 Bxf3 7. Qxf3 c6 8. Be3 Nbd7 9. Bd3 e6 10. O-O Be7
11. Qg3 O-O 12. Kh1 Nb6 13. Ne2 Nh5 14. Qf3 g6 15. c4 Bg5 16. g4 Ng7 17. a4 Nd7 18. Bg1 f5 19. Qg3 Bh4 20. Qe3 Qe7
21. Bc2 Rae8
0-1

[Event "Blackmar - Diemer Gambit 2200+"]
[Site "SchemingMind.com"]
[Date "2010.06.25"]
[Round "-"]
[White "Manuel Angel"]
[Black "calipo"]
[Result "1/2-1/2"]
[WhiteCountry "ESP"]
[BlackCountry "ARG"]
[WhiteElo "2257"]
[WhiteRD "77"]
[BlackElo "2512"]
[BlackRD "103"]
[GameID "252993"]

1. d4 d5 2. e4 dxe4 3. Nc3 Nf6 4. f3 exf3 5. Nxf3 Bg4 6. h3 Bxf3 7. Qxf3 c6 8. Be3 Nbd7 9. Bd3 e6 10. O-O-O Be7
11. g4 O-O 12. Rhg1 Nd5 13. Nxd5 cxd5 14. g5 Rc8 15. Kb1 Nb6 16. Bxh7+ Kxh7 17. Qh5+ Kg8 18. g6 fxg6 19. Rxg6 Bf6 20. Rh6 gxh6
21. Rg1+ Bg5 22. Rxg5+=
1/2-1/2

[Event "Blackmar - Diemer Gambit 2200+"]
[Site "SchemingMind.com"]
[Date "2010.06.26"]
[Round "-"]
[White "kiraly"]
[Black "calipo"]
[Result "1/2-1/2"]
[WhiteCountry "INT"]
[BlackCountry "ARG"]
[WhiteElo "2298"]
[WhiteRD "79"]
[BlackElo "2515"]
[BlackRD "99"]
[GameID "252994"]

1. d4 d5 2. e4 dxe4 3. Nc3 Nf6 4. f3 exf3 5. Nxf3 Bg4 6. h3 Bxf3 7. Qxf3 c6 8. Be3 Nbd7 9. Bd3 e6 10. O-O Be7
11. Ne4 O-O 12. c4 Nxe4 13. Qxe4 g6 14. Bc2 Re8 15. Rad1 f5 16. Qf4 Nf6 17. Bf2 Bd6 18. Qf3 Qc7 19. Bh4 Bh2+ 20. Kh1 Nh5
21. Rd3 e5 22. dxe5 Bxe5 23. g4 fxg4 24. Qxg4 Bg7 25. Rd7 Qe5 26. Rxb7 Rad8 27. Rd7 Rxd7 28. Qxd7 Rf8 29. Rxf8+ Bxf8 30. Qxc6 Qf4
31. Qe6+ Kg7 32. Qg4 Qf1+ 33. Qg1 Qxh3+ 34. Qh2 Qf1+ 35. Qg1 Qxc4 36. Qxa7+ Kh8 37. Qf2 Qd5+ 38. Qg2 Qc4 39. Qf2 Bc5 40. Bf6+ Kg8
41. Qg2 Qxa2 42. Bxg6 Qa1+ 43. Bb1+ Kf8 44. Bg7+ Nxg7 45. Qf3+ Ke8 46. Qc6+ Kf7 47. Qf3+ Ke6=
1/2-1/2

[Event "Blackmar - Diemer Gambit 2200+"]
[Site "SchemingMind.com"]
[Date "2010.06.29"]
[Round "-"]
[White "Uzi Mike"]
[Black "calipo"]
[Result "0-1"]
[WhiteCountry "USA"]
[BlackCountry "ARG"]
[WhiteElo "2277"]
[WhiteRD "73"]
[BlackElo "2528"]
[BlackRD "91"]
[GameID "252995"]

1. d4 d5 2. e4 dxe4 3. Nc3 Nf6 4. Nge2 Bf5 5. Ng3 e6 6. Bg5 Bb4 7. a3 Bxc3+ 8. bxc3 O-O 9. Rb1 b6 10. f3 exf3
11. Qxf3 Nbd7 12. Nxf5 exf5 13. Bd3 Qe7+ 14. Kd1 g6 15. Bxf5 gxf5 16. Qg3 Kh8 17. Qxc7 Qe4 18. Qg3 Rg8 19. h4 Qg4+ 20. Qxg4 fxg4
21. Re1 Rge8 22. Bxf6+ Nxf6 23. Kd2 Ne4+ 24. Kd3 f5 25. Re3 Rac8 26. c4 Rc7 27. Rc1 Rec8 28. c5 bxc5 29. d5 Rd8 30. c4 Rb7
31. Rxe4 fxe4+ 32. Kxe4 Rb2 33. Rd1 Rxg2 34. d6 Rf2 35. Kd5 g3
0-1